| 000 | 00542nam a2200217Ia 4500 | ||
|---|---|---|---|
| 003 | OSt | ||
| 005 | 20220827122310.0 | ||
| 008 | 210210b1977 xxu||||| |||| 00| 0 eng d | ||
| 020 | _a0 460 03097 3 | ||
| 040 | _cAL | ||
| 041 | _aEnglish | ||
| 082 | _a421.52 JONE | ||
| 100 |
_aJONES (Daniel) and GIMSON (A C) _955790 |
||
| 245 | _aEnglish pronouncing dictionary | ||
| 250 | _a14 | ||
| 260 |
_aLondon. _bELBS, J M Dent & Sons Ltd., _c1977 |
||
| 300 | _axxxii,560 | ||
| 690 |
_aDictionaries _955791 |
||
| 906 | _a037585 | ||
| 942 |
_2ddc _cBK |
||
| 999 |
_c87635 _d87635 |
||